Chefs d'Etat du XX et XXIème siècle par images - Statistiques

Statistiques générales
  • Ce quiz a été pris 27 fois
  • Le résultat moyen est 5 sur 16
Statistiques - réponses
Par images Réponse % Correct
Vladimir Poutine
96%
Viktor Orban
62%
Shinzo Abe
46%
Konrad Adenauer
42%
Raymond Poincaré
42%
Indira Gandhi
38%
Neville Chamberlain
35%
Golda Meir
31%
Manuel Noriega
23%
Henver Hoxha
19%
Benazir Bhutto
12%
Hissène Habré
12%
Michelle Bachelet
12%
Getulio Vargas
8%
Denis Sassou Nguesso
4%
Lee Kuan Yew
4%
Aucun quiz correspondant
Distribution des résultats
% des personnes avec chaque résultat
Percentile par nombre de réponses
Votre historique - résultats
Vous n’avez pas pris ce quiz